00318 a2200145 450000100060000002000150000604000240002110000240004524000270006924500220009630000060011836200090012444000080013365000310014169333 a8532218660 cAnchieta - Itaigara aBernardino, Adriana10aO tear das moiraslpor10aO tear das moiras a 0 a2007 1aFTD 4aLiteratura infanto-juvenil